000 00349nam a2200157Ia 4500
003 OSt
005 20231120052611.0
008 170524s9999 xx 000 0 und d
020 _a81-7391-582-2
040 _cIIMT
100 _aSelvam-S.
245 0 _aReligion State &Social Policy
260 _bKanishka Pub.
260 _c2003
942 _2ddc
_c02
999 _c6770
_d6770